| 000 | 00669nam a22001937a 4500 | ||
|---|---|---|---|
| 005 | 20251108172139.0 | ||
| 008 | 250721s2001 xx 000 0 ara d | ||
| 082 | 1 | 4 | _a658.314/اشت |
| 100 | 1 |
_aاشتون، كريس _eمؤلف |
|
| 245 | 1 | 0 |
_aتقييم الأداء الأستراتيجي : _bأداء العاملين و إرضاء العملاء / |
| 264 | 1 |
_aالقاهرة : _bمركز الخبرات المهنية للإدارة، _c2001. |
|
| 300 | _a263ص | ||
| 650 | 1 | 7 | _aإدارة الأفراد |
| 650 | 1 | 7 | _aتقيم الأداء |
| 650 | 1 | 7 | _aالعمل |
| 700 | 1 |
_aصلاح، علا أحمد _eمترجم |
|
| 942 |
_2ddc _cBK |
||
| 999 |
_c71606 _d71606 |
||